التنمية الصناعية / (Record no. 15906)
[ view plain ]
| 000 -الفاتح | |
|---|---|
| حقل البيانات ثابتة الطول | 01266nam a22002297a 4500 |
| 008 - عناصر البيانات ثابتة الطول - معلومات عامة | |
| حقل البيانات ثابتة الطول | 110824t xxu||||| |||| 00| 0 ara d |
| 082 ## - رقم تصنيف ديوى العشرى | |
| رقم الطبعة | 22 |
| رقم المادة | ب ر ا |
| رقم التصنيف | 338.09 |
| 100 1# - المدخل الرئيسى - إسم شخصى | |
| 9 (RLIN) | 26873 |
| الإسم الشخصى | برايس، موراي د. |
| 245 ## - بيان العنوان | |
| العنوان | التنمية الصناعية / |
| بيان المسئوليه,etc | موراى د. برايس؛ ترجمة أحمد سعيد دويدار، ابراهيم لطفى عمر؛ مراجعة وتقديم أحمد سعيد دويدار |
| 260 ## - PUBLICATION, DISTRIBUTION, ETC. (IMPRINT) | |
| مكان الناشر او الموزع | القاهرة : |
| اسم الناشر او الموزع | مكتبة الأنجلو المصرية ، |
| تاريخ النشر أو التوزيع | 1970. |
| 260 ## - PUBLICATION, DISTRIBUTION, ETC. (IMPRINT) | |
| مكان الناشر او الموزع | القاهرة : |
| اسم الناشر او الموزع | مؤسسة فرانكلين للطباعة والنشر ، |
| تاريخ النشر أو التوزيع | 1970. |
| 300 ## - الوصف المادى | |
| التعداد | 395 ص: |
| أبعاد الوعاء | 24 سم. |
| 500 ## - تبصرة عامة | |
| تبصرة عامة | ترجمة لكتاب "Industrial development by Murray D. Bryce" |
| 650 0# - المدخل الاضافى بالموضوع-مصطلح موضوعى | |
| 9 (RLIN) | 15281 |
| مصطلح موضوعي أو اسم جغرافي كعنصر مدخل | الصناعات |
| 650 0# - المدخل الاضافى بالموضوع-مصطلح موضوعى | |
| 9 (RLIN) | 27226 |
| مصطلح موضوعي أو اسم جغرافي كعنصر مدخل | التنمية الصناعية |
| 650 0# - المدخل الاضافى بالموضوع-مصطلح موضوعى | |
| 9 (RLIN) | 27227 |
| مصطلح موضوعي أو اسم جغرافي كعنصر مدخل | المشروعات |
| 700 1# - المدخل الاضافى - اسم شخصى | |
| 9 (RLIN) | 26874 |
| الإسم الشخصى | دويدار، أحمد سعيد |
| الدور | مراجعة وتقديم |
| 700 1# - المدخل الاضافى - اسم شخصى | |
| 9 (RLIN) | 26874 |
| الإسم الشخصى | دويدار، أحمد سعيد |
| الدور | مترجم |
| 700 1# - المدخل الاضافى - اسم شخصى | |
| 9 (RLIN) | 26875 |
| الإسم الشخصى | عمر، ابراهيم لطفى |
| الدور | مترجم |
| 942 ## - عناصر المدخل الإضافي( كوها) | |
| مصدر التصنيف او مخطط الترفيف | Dewey Decimal Classification |
| Koha [default] item type | Book - Borrowing |
| حالة التراجع | حالة الفقد | مصدر التصنيف او خطة الترفيف | حالة تلف | ليس للاعارة | مجموعات كوها | المكان الدائم | المكان الحالي | موقع الترفيف | تاريخ الاكتساب | Source of acquisition | رقم الاستدعاء | الباركود | Date last seen | نوع الوعاء |
|---|---|---|---|---|---|---|---|---|---|---|---|---|---|---|
| Dewey Decimal Classification | Alef-Baa | Central Library | Central Library | First floor | 24/08/2011 | 338.09 ب ر ا | 000024097 | 15/07/2025 | Book - Borrowing |